| 000 | 01447nam a2200373Ia 4500 | ||
|---|---|---|---|
| 001 | dia_5500 | ||
| 003 | CHAP | ||
| 005 | 20251008092902.0 | ||
| 007 | ta | ||
| 008 | 220117s1991 mx fr 001 0 spa d | ||
| 040 |
_cCHAP _amxchpua |
||
| 090 |
_aT.C.125 _bC67 ETIPA _c1991 |
||
| 245 | 1 | 0 |
_aLactoproductos de Zamora S.A. / _ccoordinadora Rosa María Córdoba Angeles ; colaboradores Ma. de Lourdes Arevalo Galarza...[et al.] |
| 260 |
_aMéxico : _bEl autor, _c1991 |
||
| 300 |
_a50 hojas : _bdiagramas, tablas |
||
| 336 |
_2rdacontent _atexto _btxt |
||
| 337 |
_2rdamedia _asin medio _bn |
||
| 338 |
_2rdacarrier _avolumen _bnc |
||
| 500 | _aFalta un plano -- 7° año | ||
| 502 |
_aViaje de estudios _b(ETIPA) -- _cUACh. Departamento de Ingeniería Agroindustrial, _d1991 |
||
| 504 | _aBibliografía: hoja 50 | ||
| 505 | _a3 planos: -- 1. Plano diagrama de tuberías de instrumentación -- 2. Plano diagrama de procesos de queso tipo Sierra -- 3. Plano diagrama de tuberías e instrumentación | ||
| 650 | 1 | 3 |
_aProductos lacteos _992124 |
| 650 | 1 | 3 |
_aDairy products _9147672 |
| 700 | 1 |
_aCórdoba Ángeles, Rosa María _9148317 _ecoordinadora |
|
| 700 | 1 |
_aArévalo Galarza, Ma. de Lourdes Catalina _ecolaboradora _9148246 |
|
| 901 | _aT.C.125 C67 ETIPA 1991 | ||
| 902 | _aM | ||
| 905 | _a5332271991 mx emn 8222223322spa16 | ||
| 942 | _2local | ||
| 942 | _cVE | ||
| 999 |
_c176431 _d176431 |
||